|
|
|
|
| LEADER |
00000nam0a2200000 4500 |
| 001 |
14959 |
| 005 |
20231030185951.0 |
| 010 |
|
|
|a 5922100416
|
| 035 |
|
|
|a (RuTPU)RU\TPU\book\15060
|
| 035 |
|
|
|a BOOK00015129
|
| 090 |
|
|
|a 14959
|
| 100 |
|
|
|a 20011209d2000 m y0rusy50 ca
|
| 101 |
0 |
|
|a rus
|
| 102 |
|
|
|a RU
|
| 105 |
|
|
|a y j 000zy
|
| 200 |
1 |
|
|a Исследование операций. Принципы принятия решений и обеспечение безопасности
|e учебное пособие для вузов
|f А. Н. Катулев, Н. А. Северцев
|
| 210 |
|
|
|a Москва
|c Физико-математическая литература
|d 2000
|
| 215 |
|
|
|a 320 с.
|
| 610 |
1 |
|
|a математика
|
| 610 |
1 |
|
|a операции
|
| 610 |
1 |
|
|a принятие решений
|
| 610 |
1 |
|
|a безопасность
|
| 610 |
1 |
|
|a игры
|
| 610 |
1 |
|
|a конфликт
|
| 610 |
1 |
|
|a исследование
|
| 610 |
1 |
|
|a теория
|
| 610 |
1 |
|
|a учебные пособия
|
| 675 |
|
|
|a 519.8(075.8)
|v 3
|
| 700 |
|
1 |
|a Катулев
|b А. Н.
|g Александр Николаевич
|
| 701 |
|
1 |
|a Северцев
|b Н. А.
|g Николай Алексеевич
|
| 801 |
|
0 |
|a RU
|b 63413507
|c 20011209
|g PSBO
|
| 801 |
|
2 |
|a RU
|b 63413507
|c 20020507
|g PSBO
|
| 801 |
|
2 |
|a RU
|b 63413507
|c 20131108
|g PSBO
|
| 900 |
|
|
|a Безопасность и надежность технических систем
|
| 942 |
|
|
|c BK
|